000 00602nam a2200205Ia 4500
005 20250625122020.0
008 008 250516s9999 xx 000 0 eng d
020 _a9780745349343
040 _beng
_cSDCL
041 _aeng
_2eng
084 _aU5 R4
245 0 _aThe geopolitics of green colonialism :
_bGlobal justice and eco-social transitions
260 _aNew Wing :
_bPluto Press,
_c2024.
300 _avi, 268p.
650 _aReference
700 _aLang, Miriam Ed.
_9810077
700 _aManahan, Mary ann Ed.
_9814530
700 _aBringel, Breno Ed.
_9814531
942 _cTEXL
_2CC
999 _c1430546
_d1430546